000 01054cam a22001934a 4500
005 20250605164234.0
008 250528s ||||||||||||||||||||||||d
035 _a21076
020 _a9781572309059
040 _aGR-AtMCL
_bgre
_dGR-AtMCL
_eAACR2
245 1 _aCognitive Therapy Techniques / A Practioner's Guide
260 _bThe Guilford Press,
_c2003
300 _a350
520 _aA treasury of cognitive therapy strategies and techniques. Provides all the tools a therapist needs for effective cognitive therapy. List of Forms, Introduction, Eliciting Thoughts and Assumptions, Evaluating and Challenging Thoughts, Evaluating Assumptions and Rules, Evaluating Worries, Information Processing and Logical Errors, Putting Things in Perspective, Schema-Focused Therapy, Emotional Processing Techniques, Examining and Challenging Cognitive Distortions, Modifying Need for Approval, Challenging Self-Criticism, Concluding Comments, References, Index.
700 1 _aLeahy Robert L
_97110
942 _cBK
999 _c6147
_d6147